• 首页
  • 本馆介绍
  • 公告通知
  • 最新文献
  • 馆藏检索
  • 电子资源
  • 读者导购
  • 参考咨询
  • 我的图书馆
  • 登录
  • 详细信息显示
  • 放入我的书架
  • 预约/预借图书
  • 作者相关作品
  • 分类相关作品
  • 丛书相关作品
  • 出版社相关作品

书目信息

  • 表格格式
  • 工作单格式
  • 卡片格式
题名:
中学优秀语文教师课堂教学实录评点
    
 
作者: 张奎 选评
分册:  
出版信息: 武汉   湖北教育出版社  1983
页数: 300页
开本: 19cm
丛书名:
单 册:
中图分类: G633.3 , G632.41
科图分类:
主题词: 语文-课堂教学--中学--实录 , 课堂教学-语文--中学--实录
电子资源:
ISBN:
000 00804nam0 2200265 45
001 0183009699
005 20040426084509.0
010    @dCNY0.76
091    @a7306.1
100    @a19950616d1983 em y0chiy0121 ea
101 0  @achi
102    @aCN@b420000
105    @ay z 000yy
106    @ar
200 10 @a中学优秀语文教师课堂教学实录评点@Azhong xue you xiu yu wen jiao shi ke tang jiao xue shi lu ping dian@f张奎等选评
210    @a武汉@c湖北教育出版社@d1983
215    @a300页@d19cm
606    @a语文-课堂教学@x中学@x实录
606    @a课堂教学-语文@x中学@x实录
690    @aG633.3@v3
690    @aG632.41@v3
701  0 @a张奎@Azhang kui@4选评
801  0 @aCN@b上海图书馆@c20040426
801  2 @aCN@bNLC@c20040426
905    @f2@b100473-474@f1@b147174@f4@b147169-172@f1@b147175@dG632.41@e22
    
    中学优秀语文教师课堂教学实录评点/张奎等选评.-武汉:湖北教育出版社,1983
    300页;19cm
    
    
    ISBN :CNY0.76
    
●
相关链接 在E读中查询图书 在五车中查询图书 在当当中查询图书 在豆瓣中查询图书


正题名:中学优秀语文教师课堂教学实录评点     索取号:G632.41/22         预约/预借

序号 登录号 条形码 馆藏地/架位号 状态 备注
1 0100473   000467630   密集书库/ [索取号:G632.41/22] 在馆    
2 0100474   000467499   密集书库/ [索取号:G632.41/22] 在馆    
3 0100476   000467710   第一样本阅览室/ [索取号:G632.41/22] 在馆    
4 0147166   001841216   密集书库/ [索取号:G632.41/22] 在馆    
5 0147167   001841261   密集书库/ [索取号:G632.41/22] 在馆    
6 0147168   001841252   密集书库/ [索取号:G632.41/22] 在馆    
7 0147169   000467756   密集书库/ [索取号:G632.41/22] 在馆    
8 0147170   000467569   密集书库/ [索取号:G632.41/22] 在馆    
9 0147171   000468041   密集书库/ [索取号:G632.41/22] 在馆    
10 0147172   000468087   密集书库/ [索取号:G632.41/22] 在馆    
11 0147174   000468121   密集书库/ [索取号:G632.41/22] 在馆    
12 0147175   000467676   密集书库/ [索取号:G632.41/22] 在馆    
唐山师范学院图书馆 欢迎您!
大连网信软件有限公司© 版权所有